| 000 | 00456nam a22001697a 4500 | ||
|---|---|---|---|
| 999 |
_c162223 _d162223 |
||
| 005 | 20190307160827.0 | ||
| 010 | _aB-063298 | ||
| 020 |
_a8122307236 _c68.00 |
||
| 035 | _aB-063298 | ||
| 037 | _bPustak Mahal | ||
| 082 | _a613 | ||
| 100 | _aVas, Luis S.R. | ||
| 245 |
_aThe joy of natural living / _cLuis S.R. Vas & Anita S.R. Vas |
||
| 260 |
_aDelhi _bPustak Mahal _c2001 |
||
| 300 |
_a146p. _c22cm(pbk) |
||
| 942 |
_2ddc _cEN _h613 _mVAS |
||